000 00932nam a2200229 a 4500
001 BRCA_2077
005 20190320203646.0
008 080808s1999----sp-a---###---#000-0#spa-#
020 _a8436931866
050 4 _aN7106
_b.A78 1999
245 1 0 _aArte y saber
_bla cultura en tiempos de Felipe III y Felipe IV.
260 _a[España]
_bMinisterio de Educación y Cultura
_c1999
300 _a382 p.
_bil. a color
_c31 cm.
500 _aCatálogo de la exposición realizada en el Museo Nacional de Escultura, Palacio de Villena (Valladolid), 15 abril - 27 junio, 1999
504 _aBibliografía : p. 379-382
600 1 4 _aFelipe III
_cRey de España
_d1578-1621
_vExposiciones
_96312
600 1 4 _aFelipe IV
_cRey de España
_d1605-1665
_vExposiciones
_96313
650 1 4 _aArte
_vExposiciones
_zEspaña
_92034
651 4 _aEspaña
_vExposiciones
_xVida social y costumbres
_ySiglo XVII
_96314
653 0 _aVida cotidiana
942 _2lcc
_cB
999 _c1834
_d1834